| 000 | 00000nas 2200000za 4500 |
| 001 | 9.500524 |
| 003 | CaOODSP |
| 005 | 20210305160054 |
| 007 | cr ||||||||||| |
| 008 | 150406c19969999onc|| p o||||f| |0fre|d |
| 022 | |a1494-0353|y1494-0361 |
| 040 | |aCaOODSP|bfre |
| 041 | |afre|aeng |
| 043 | |an-cn--- |
| 086 | 1 |aYC11-PDF |
| 110 | 1 |aCanada. |bParlement. |bSénat. |bComité sénatorial permanent des banques et du commerce. |
| 210 | 0 |aDélib. Com. sénat. perm. banq. commer. |b(En ligne) |
| 222 | 0|aDélibérations du Comité sénatorial permanent des banques et du commerce |b(En ligne) |
| 240 | 10|aDélibérations du Comité sénatorial permanent des banques et du commerce (En ligne) |
| 245 | 10|aProceedings of the Standing Senate Committee on Banking, Trade and Commerce |h[ressource électronique] : |bDélibérations du Comité sénatorial permanent des banques et du commerce |
| 246 | 11|aDélibérations du Comité sénatorial permanent des banques et du commerce |
| 260 | |aOttawa : |bSénat, |c1996- |
| 310 | |aIrrégulier |
| 362 | 1 |a35e législature, 2e session, fascicule n° 1 (19/26 mars 1996) -- |
| 500 | |aLa numérotation reprend à chaque session au fascicule n° 1. |
| 791 | |tProceedings of the Standing Senate Committee on Banking, Trade and Commerce |eeng|w(CaOODSP)9.500523 |